[Event "Warsaw YMCA Winter-D 212th"]
[Site "Warsaw"]
[Date "2019.03.19"]
[Round "12"]
[White "Oles, Jan"]
[Black "Zbijowski, Patryk"]
[Result "1-0"]
[WhiteElo "1275"]
[BlackElo "1056"]
[PlyCount "61"]
[EventDate "2019.01.08"]
[EventType "tourn"]
[EventRounds "13"]
[EventCountry "POL"]
[SourceTitle "EXT 2021"]
[Source "ChessBase"]
[SourceDate "2020.10.23"]
[SourceVersion "1"]
[SourceVersionDate "2020.10.23"]
[SourceQuality "1"]

1. d4 d5 2. c4 c6 3. Nc3 Nf6 4. Bf4 e6 5. c5 Nbd7 6. Nf3 Be7 7. e3 0-0 8. Bd3 b6 9. b4 a5 10. a3 axb4 11. axb4 Bb7 12. 0-0 Nh5 13. Ng5 Rxa1 14. Bxh7+ Kh8 15. Qxh5 Rxf1+ 16. Kxf1 Nf6 17. Nxf7+ Rxf7 18. Qxf7 Nxh7 19. Qxe6 bxc5 20. bxc5 Ba6+ 21. Kg1 Bb7 22. Bd6 Ng5 23. Qxe7 Qxe7 24. Bxe7 Ne4 25. Nxe4 dxe4 26. f3 exf3 27. gxf3 Kg8 28. h4 Kf7 29. Bg5 Ke6 30. e4 Kf7 31. h5 1-0

[Event "Warsaw YMCA Winter-D 212th"]
[Site "Warsaw"]
[Date "2019.03.12"]
[Round "11"]
[White "Zbijowski, Patryk"]
[Black "Ossolinski, Lukasz"]
[Result "0-1"]
[WhiteElo "1056"]
[BlackElo "1371"]
[PlyCount "88"]
[EventDate "2019.01.08"]
[EventType "tourn"]
[EventRounds "13"]
[EventCountry "POL"]
[SourceTitle "EXT 2021"]
[Source "ChessBase"]
[SourceDate "2020.10.23"]
[SourceVersion "1"]
[SourceVersionDate "2020.10.23"]
[SourceQuality "1"]

1. c4 e5 2. Nc3 Nf6 3. g3 Bc5 4. Bg2 Nc6 5. e3 0-0 6. Nge2 a6 7. 0-0 d6 8. a3 Be6 9. d4 exd4 10. exd4 Nxd4 11. Nxd4 Bxc4 12. Re1 c6 13. b4 Ba7 14. Bg5 h6 15. Bf4 Re8 16. Nf5 d5 17. Qc1 Qb6 18. Nxg7 Qxf2+ 19. Kh1 Rxe1+ 20. Qxe1 Qxe1+ 21. Rxe1 Kxg7 22. Be5 Kg6 23. Ne2 Ng4 24. Nf4+ Kh7 25. Bh3 Nf2+ 26. Kg2 Nxh3 27. Nxh3 Re8 28. Nf4 f6 29. Bc3 Rxe1 30. Bxe1 d4 31. Bf2 a5 32. g4 axb4 33. axb4 Bb8 34. Nh5 Be5 35. h4 b6 36. Ng3 c5 37. bxc5 bxc5 38. Ne4 Bd5 39. Kf3 h5 40. gxh5 f5 41. Ke2 fxe4 42. Be1 Bf4 43. Ba5 d3+ 44. Kd1 e3 0-1

[Event "Warsaw YMCA Autumn-D 208th"]
[Site "Warsaw"]
[Date "2018.11.13"]
[Round "9"]
[White "Zbijowski, Patryk"]
[Black "Markiewicz, Janusz"]
[Result "1-0"]
[WhiteElo "1080"]
[BlackElo "1170"]
[PlyCount "97"]
[EventDate "2018.09.18"]
[EventType "tourn"]
[EventRounds "13"]
[EventCountry "POL"]
[SourceTitle "EXT 2021"]
[Source "ChessBase"]
[SourceDate "2020.10.23"]
[SourceVersion "1"]
[SourceVersionDate "2020.10.23"]
[SourceQuality "1"]

1. d4 e5 2. dxe5 Qe7 3. Nf3 Nc6 4. e3 Nxe5 5. Nxe5 Qxe5 6. Qd4 Qg5 7. Nc3 Bc5 8. Qd5 Qxd5 9. Nxd5 Bd6 10. Be2 c6 11. Nc3 Be5 12. Bd2 Nf6 13. 0-0 d5 14. Rad1 Be6 15. a3 0-0 16. b4 h6 17. h3 Rfd8 18. Bf3 Bf5 19. Rc1 Rd7 20. Ne2 Bb2 21. Rb1 Be5 22. Rbc1 Ne4 23. Rfd1 Rad8 24. Nd4 Bg6 25. Bg4 Rc7 26. Be1 h5 27. Be2 a6 28. c3 c5 29. Nf3 Bf6 30. c4 Bb2 31. Rc2 Bxa3 32. bxc5 Nxc5 33. Ra2 Nd3 34. Rxa3 dxc4 35. Ba5 Rcd7 36. Bxd8 Rxd8 37. Ne5 Rc8 38. Nxg6 fxg6 39. Bxd3 cxd3 40. Raxd3 Kh7 41. Ra3 Rc6 42. Rd7 Rb6 43. e4 Rb1+ 44. Kh2 Kg8 45. e5 Rb6 46. Rd6 Rxd6 47. exd6 Kf7 48. Re3 b5 49. d7 1-0

[Event "Warsaw YMCA Autumn-D 208th"]
[Site "Warsaw"]
[Date "2018.11.06"]
[Round "8"]
[White "Jochym, Slawomir"]
[Black "Zbijowski, Patryk"]
[Result "1/2-1/2"]
[WhiteElo "1201"]
[BlackElo "1080"]
[PlyCount "48"]
[EventDate "2018.09.18"]
[EventType "tourn"]
[EventRounds "13"]
[EventCountry "POL"]
[SourceTitle "EXT 2021"]
[Source "ChessBase"]
[SourceDate "2020.10.23"]
[SourceVersion "1"]
[SourceVersionDate "2020.10.23"]
[SourceQuality "1"]

1. d4 d5 2. c4 c6 3. e3 Nf6 4. Nf3 Nbd7 5. Nc3 e6 6. Bd3 dxc4 7. Bxc4 b5 8. Bd3 a6 9. a3 c5 10. dxc5 Nxc5 11. Bc2 Qxd1+ 12. Nxd1 Be7 13. 0-0 0-0 14. b4 Nce4 15. Nd2 Bb7 16. Nxe4 Nxe4 17. f3 Nd6 18. e4 Rfd8 19. Ne3 Rac8 20. e5 Nc4 21. Nxc4 Rxc4 22. Bb1 Rcd4 23. Bc2 Rc4 24. Bd1 h6 1/2-1/2

[Event "Warsaw YMCA Autumn-D 208th"]
[Site "Warsaw"]
[Date "2018.10.04"]
[Round "3"]
[White "Zbijowski, Patryk"]
[Black "Kucharski, Jacek"]
[Result "1/2-1/2"]
[WhiteElo "1080"]
[BlackElo "1315"]
[PlyCount "123"]
[EventDate "2018.09.18"]
[EventType "tourn"]
[EventRounds "13"]
[EventCountry "POL"]
[SourceTitle "EXT 2021"]
[Source "ChessBase"]
[SourceDate "2020.10.23"]
[SourceVersion "1"]
[SourceVersionDate "2020.10.23"]
[SourceQuality "1"]

1. c4 Nf6 2. Nc3 d5 3. e3 Bf5 4. d4 e6 5. b3 Bb4 6. Bb2 0-0 7. Nf3 h6 8. Be2 dxc4 9. Bxc4 Ne4 10. Rc1 Nc6 11. 0-0 Nxc3 12. Bxc3 Bxc3 13. Rxc3 Nb4 14. Qd2 c6 15. Rd1 Bg4 16. Be2 Bxf3 17. Bxf3 Nd5 18. Rc2 Qe7 19. e4 Nf6 20. Qc3 Rad8 21. Rcd2 Rd7 22. Qc5 Qxc5 23. dxc5 Rfd8 24. Rxd7 Rxd7 25. Rxd7 Nxd7 26. b4 b6 27. cxb6 axb6 28. a4 c5 29. a5 c4 30. a6 b5 31. a7 Nb6 32. e5 c3 33. Be4 Kf8 34. Kf1 Ke7 35. Ke1 f5 36. exf6+ gxf6 37. a8Q Nxa8 38. Bxa8 Kd6 39. Kd1 Ke5 40. Kc2 Kd4 41. f3 Kc4 42. Be4 Kxb4 43. Bd3 Kc5 44. Kxc3 b4+ 45. Kb3 Kd4 46. Bc4 e5 47. Kxb4 Ke3 48. Bd5 h5 49. h4 Kf4 50. Bf7 Kg3 51. Bxh5 Kxh4 52. Bg4 Kg3 53. Bh3 f5 54. Kc4 Kf4 55. Kd3 Kg5 56. Ke3 Kg6 57. g4 fxg4 58. fxg4 Kf6 59. Ke4 Kg5 60. Kd5 Kf4 61. g5 Kxg5 62. Kxe5 1/2-1/2

[Event "Warsaw YMCA Summer-C 204th"]
[Site "Warsaw"]
[Date "2018.08.02"]
[Round "8"]
[White "Zbijowski, Patryk"]
[Black "Markiewicz, Janusz"]
[Result "1/2-1/2"]
[WhiteElo "1076"]
[BlackElo "1178"]
[PlyCount "112"]
[EventDate "2018.07.03"]
[EventType "tourn"]
[EventRounds "10"]
[EventCountry "POL"]
[SourceTitle "EXT 2021"]
[Source "ChessBase"]
[SourceDate "2020.10.23"]
[SourceVersion "1"]
[SourceVersionDate "2020.10.23"]
[SourceQuality "1"]

1. c4 d5 2. e3 d4 3. exd4 Qxd4 4. Nf3 Qb6 5. Qb3 Qe6+ 6. Qe3 Qf6 7. Qe5 Qxe5+ 8. Nxe5 f6 9. Nf3 e5 10. Be2 Bc5 11. 0-0 e4 12. Ne1 Nd7 13. Nc3 f5 14. d3 Ngf6 15. dxe4 fxe4 16. h3 c6 17. Nc2 Kf7 18. Bf4 Re8 19. b4 Be7 20. Rad1 Nf8 21. c5 Ng6 22. Bc4+ Kf8 23. Bh2 b5 24. cxb6 axb6 25. Rfe1 b5 26. Bb3 Bb7 27. Bd6 Bxd6 28. Rxd6 Ra7 29. Nd4 Ke7 30. Re6+ Kd7 31. Rxe8 Kxe8 32. Nxe4 Nxe4 33. Rxe4+ Kd7 34. Be6+ Kd8 35. Re3 Nf4 36. Bg8 Kd7 37. Ne6 Nxe6 38. Bxe6+ Kd6 39. a3 Ba8 40. Ba2 Re7 41. Rxe7 Kxe7 42. f4 Kd6 43. Kf2 c5 44. Bb1 g6 45. bxc5+ Kxc5 46. f5 gxf5 47. Bxf5 h6 48. Bd7 Kc4 49. g4 Bb7 50. Ke3 Ba6 51. h4 Kb3 52. Bxb5 Bxb5 53. g5 hxg5 54. hxg5 Be8 55. Kf4 Kxa3 56. Kf5 Kb4 1/2-1/2

[Event "Warsaw YMCA Summer-C 204th"]
[Site "Warsaw"]
[Date "2018.07.18"]
[Round "6"]
[White "Sloniewski, Krzysztof"]
[Black "Zbijowski, Patryk"]
[Result "0-1"]
[WhiteElo "1117"]
[BlackElo "1076"]
[PlyCount "86"]
[EventDate "2018.07.03"]
[EventType "tourn"]
[EventRounds "10"]
[EventCountry "POL"]
[SourceTitle "EXT 2021"]
[Source "ChessBase"]
[SourceDate "2020.10.23"]
[SourceVersion "1"]
[SourceVersionDate "2020.10.23"]
[SourceQuality "1"]

1. e4 c6 2. d4 d5 3. e5 Bf5 4. c4 e6 5. Nf3 Nd7 6. Be2 dxc4 7. Bxc4 b5 8. Be2 Ne7 9. 0-0 Nd5 10. a3 a6 11. Nc3 N7b6 12. Nh4 Qxh4 13. g3 Qd8 14. Kg2 c5 15. h4 h6 16. Rh1 Nxc3 17. bxc3 Be4+ 18. f3 Bb7 19. g4 cxd4 20. cxd4 Be7 21. Kg3 Nd5 22. Bd2 Rc8 23. Rh2 Nc3 24. Bxc3 Rxc3 25. Qd2 Rxa3 26. Rd1 Qd5 27. Rf1 Ra2 28. Qd1 0-0 29. f4 Ra3+ 30. Kf2 Bxh4+ 31. Rxh4 Qg2+ 32. Ke1 Qg3+ 33. Rf2 Qxh4 34. g5 Rd8 35. gxh6 Qxh6 36. f5 Qh1+ 37. Rf1 Qe4 38. fxe6 fxe6 39. Qc1 Qe3 40. Qb1 Qc3+ 41. Kf2 Rf8+ 42. Kg1 Qe3+ 43. Kh2 Qg3# 0-1